Library Logo

Pioneer International University Library Catalogue

Psychology / (Record no. 5659)

MARC details
000 -LEADER
fixed length control field 00603cam a2200181 a 4500
005 - DATE AND TIME OF LATEST TRANSACTION
control field 20250901165539.0
008 - FIXED-LENGTH DATA ELEMENTS--GENERAL INFORMATION
fixed length control field 000225s2001 maua b 001 0 eng
010 ## - LIBRARY OF CONGRESS CONTROL NUMBER
LC control number 00027284
020 ## - INTERNATIONAL STANDARD BOOK NUMBER
International Standard Book Number 0205314023 (alk. paper)
050 00 - LIBRARY OF CONGRESS CALL NUMBER
Classification number BF121 .B32 2001
Item number .B32 2001
082 00 - DEWEY DECIMAL CLASSIFICATION NUMBER
Classification number 150
Edition information 21
100 1# - MAIN ENTRY--PERSONAL NAME
Personal name Baron, Robert A.
245 10 - TITLE STATEMENT
Title Psychology /
Statement of responsibility, etc. Robert A. Baron ; with the special assistance of Michael J. Kalsher.
250 ## - EDITION STATEMENT
Edition statement 5th ed.
260 ## - PUBLICATION, DISTRIBUTION, ETC.
Place of publication, distribution, etc. Boston :
Name of publisher, distributor, etc. Allyn and Bacon,
Date of publication, distribution, etc. c2001.
300 ## - PHYSICAL DESCRIPTION
Extent xxxii, 668, [68] p. :
Other physical details ill. (chiefly col.) ;
Dimensions 28 cm.
942 ## - ADDED ENTRY ELEMENTS (KOHA)
Source of classification or shelving scheme Library of Congress Classification
Classification part BF121 .B32 2001
Holdings
Withdrawn status Lost status Source of classification or shelving scheme Damaged status Not for loan Home library Current library Shelving location Date acquired Total checkouts Full call number Barcode Date last seen Price effective from Koha item type
    Library of Congress Classification     Main Library Main Library   06/08/2021   BF121 .B32 2001 PIU0005642 06/08/2021 06/08/2021 Books